| 000 | 01185nam a2200289Ia 4500 | ||
|---|---|---|---|
| 001 | ebr10004922 | ||
| 003 | CaPaEBR | ||
| 006 | m u | ||
| 007 | cr cn||||||||| | ||
| 008 | 980716s1998 sz s i000 0 eng d | ||
| 020 | _z9221108287 | ||
| 040 |
_aCaPaEBR _cCaPaEBR |
||
| 035 | _a(OCoLC)70726970 | ||
| 050 | 1 | 4 |
_aHD7261 _b.T36 1998eb |
| 245 | 0 | 0 |
_aTechnical and ethical guidelines for workers' health surveillance _h[electronic resource]. |
| 260 |
_aGeneva : _bInternational Labour Office, _c1998. |
||
| 300 | _aix, 41 p. | ||
| 490 | 1 |
_aOccupational safety and health series ; _vno. 72 |
|
| 500 | _a"This publication is the outcome of a PIACT project"--P. [2] of cover. | ||
| 533 |
_aElectronic reproduction. _bPalo Alto, Calif. : _cebrary, _d2013. _nAvailable via World Wide Web. _nAccess may be limited to ebrary affiliated libraries. |
||
| 650 | 0 | _aIndustrial safety. | |
| 650 | 0 | _aIndustrial hygiene. | |
| 655 | 7 |
_aElectronic books. _2local |
|
| 710 | 2 | _aebrary, Inc. | |
| 830 | 0 |
_aOccupational safety and health series ; _v72. |
|
| 856 | 4 | 0 |
_uhttp://site.ebrary.com/lib/rucke/Doc?id=10004922 _zAn electronic book accessible through the World Wide Web; click to view |
| 999 |
_c3240 _d3240 |
||